| 000 | 01054cab a2200253 4500 | ||
|---|---|---|---|
| 001 | L130266 | ||
| 008 | 050711n2005 000 0 eng u | ||
| 035 | _a(Sirsi) u130266 | ||
| 041 | _aeng | ||
| 100 | _aVara, Beverley | ||
| 245 | _aIn for the long haul | ||
| 260 | _c2005 | ||
| 490 |
_aEstates Gazette _v(0526) 2 July 2005, 126-127 (2) |
||
| 520 | _aLooks at a surveyor's duty of care and skill in relation to valuations. Examines how to avoid negligence claims and how courts perceive valuation and assess negligence. Makes reference to the Civil Procedure Rules and the Professional Negligence Pre-Action Protocol. | ||
| 590 | _aIKA190705 | ||
| 650 | _aMERRETT V BABB | ||
| 650 | _aBRADFORD AND BINGLEY PLC V HAYES DUNPHY AND HAYES LTD | ||
| 650 | _aSOUTH AUSTRALIA ASSET MANAGEMENT CORPORATION V YORK MONTAGUE LTD | ||
| 650 | _aKEYDON ESTATES LTD V EVERSHEDS LLP | ||
| 650 | _aUNFAIR CONTRACT TERMS ACT 1977 | ||
| 690 | _aMANAGEMENT-BUSINESS MANAGEMENT-PROFESSIONAL PRACTICE-NEGLIGENCE | ||
| 700 | _aArmstrong, Celyn | ||
| 942 | _n0 | ||
| 999 |
_c75523 _d75523 |
||